Каменярі (Запис № 580704)

МАРК-запис
000 -Лідер
fixed length control field 00817 a2200205 4500
003 - Ідентифікатор контрольного номера
control field UA-OsUOA
005 - Дата та час останнього входження (трансакції)
control field 20260514132442.0
008 - Елементи даних фіксованої довжини – загальна інформація
fixed length control field 260514b un ||||| |||| 00| 0 ukr d
040 ## - Джерело каталогізації
Агенція оригінальної каталогізації UA-OsUOA
Мова каталогізації ukr
Агенція, яка здійснювала перезапис UA-OsUOA
Агенція, яка здійснювала модифікацію UA-OsUOA
041 ## - Код мови
Код мови тексту/ звукової доріжки чи окремого заголовка (П) ukr
080 ## - Індекс Універсальної десяткової класифікації
Індекс Універсальної десяткової класифікації (УДК) (НП) 09:050
090 ## - Локальний шифр розміщення
Класифікаційний індекс УДК 09:050
Авторський знак (НП) К18
245 ## - Відомості про назву
Назва (НП) Каменярі
Решта назви (НП) журнал студентського кружка "Каменярі" при Інституті ім. Петра Могили в Саскатуні за рік 1919
Дані про відповідальність (НП) вступне слово С. В. Савчука
260 ## - Публікація, розповсюдження і т.п. (Вихідні дані)
Дата публікації, розповсюдження і т.п. (П) 1919
Місце публікації, розповсюдження і т.п. (П) Б. м.
300 ## - Фізичний опис
Обсяг 208 с.
Інші фізичні характеристики (НП) іл.
650 ## - Додаткове предметне введення – тематичний термін
Джерело заголовка чи терміна UDC
Тематичний термін чи географічна назва, як елемент введення (НП) 09 Рукописи. Раритети і рідкісні книги
9 (RLIN) 1449
942 ## - Додаткові елементи входу (Коха)
Тип елемента Koha Рідкісне/цінне видання
Source of classification or shelving scheme Universal Decimal Classification
955 ## - Код типу видання за змістом
Код типу видання за змістом (НП) Науково-популярні видання
Фонди
Стан вилучень Стан втрат Джерело класифікації або схеми стелажів Стан уражень Не для кредиту Постійне місце розташування Поточне розміщення Дата придбання Джерело придбання Вартість, звичайна ціна покупки Інвентарний номер Усього замовленно Повний номер виклику Штрих-код Дата останнього перегляду Вартість, ціна заміни Ціна ефективна від Тип елемента Koha Примітка, призначена для загального доступу
    Universal Decimal Classification     Наукова бібліотека ІДУД Наукова бібліотека ІДУД 14/05/2026 №16/13.05.2026 (ІДУД) 1.00 300908   09:050 К18 300908 14/05/2026 1.00 14/05/2026 Рідкісне/цінне видання Отримано в дар від Романа Єринюка